| 000 | 00899nam a2200277 a 4500 | ||
|---|---|---|---|
| 001 | 24209 | ||
| 003 | BD-RjUL | ||
| 005 | 20211209001024.0 | ||
| 008 | 161017s1953 ii 000 1 eng | ||
| 035 | _a(BD-RjUL)24275 | ||
| 040 |
_aDLC _cDLC _dDLC _dBD-RjUL _beng |
||
| 041 | _aeng | ||
| 082 | 0 | 4 |
_223 _a813.52 _bFIG 1953 |
| 100 | 1 |
_aFitzgerald, F. Scott _q(Francis Scott), _d1896-1940. _974566 |
|
| 245 | 1 | 4 |
_aThe great Gatsby / _cF Scott Fitzgerald. |
| 260 |
_aNew Delhi ; _aNew York: _bEurasia; _bCharles Scribner's Sons, _cc1953. |
||
| 300 |
_a182 p. ; _c21 cm. |
||
| 650 | 0 |
_aTraffic accidents _vFiction. _974567 |
|
| 650 | 0 |
_aMarried women _vFiction. _956047 |
|
| 650 | 0 |
_aFirst loves _vFiction. _974568 |
|
| 650 | 0 |
_aRich people _vFiction. _942420 |
|
| 650 | 0 |
_aMistresses _vFiction. _974569 |
|
| 650 | 0 |
_aRevenge _vFiction. _974570 |
|
| 651 | 0 |
_aLong Island (N.Y.) _vFiction. _942528 |
|
| 942 |
_2ddc _cBK |
||
| 999 |
_c24209 _d24209 |
||